Omnia Quae Extant Opera /

Hlavní autor: Filón z Alexandreie, asi 20 př. Kr.-asi 50 po Kr.
Další autoři: Hrubý z Jelení, Zikmund, 1497-1554, Turnèbe, Adrien, 1512-1565, Hoeschel, David, 1556-1617
Jazyk: Řečtina, starověká (do 1453)
Latina
Vydáno: Francofurti : Apud Jeremiam Schrey & Heinrich Joh. Meyeri Haeredes, 1691
Témata:
Fyzický popis: [10], 1200, [69] s. ; 2°
Language note: Text řecko-latinský
Knihy
Uloženo v:
LEADER 01466nam a22003617a 4500
001 mzk03001224201
003 CZ BrMZK
005 20160202085603.0
007 ta
008 051011s1691 gw fr|||||00| ||grcod
040 |a BOA001  |b cze  |c BOA001 
041 0 |a grc  |a lat 
072 7 |a 094  |x Staré tisky  |2 Konspekt  |9 12 
080 |a (0.068)094  |2 MRF 
100 0 |a Filón z Alexandreie,  |d asi 20 př. Kr.-asi 50 po Kr.  |7 jn20000720071  |4 aut 
245 1 0 |a Omnia Quae Extant Opera /  |c Ex accuratissima Sigismundi Gelenii, & aliorum interpretatione, Partim ab Adriano Turnebo, Professore Regio, è Christianissimi Regis Bibliotheca, partim à Davide Hoeschelio ex Augustana, edita & illustrata 
246 3 3 |a Philonis Judaei, Omnia Quae Extant Opera 
260 |a Francofurti :  |b Apud Jeremiam Schrey & Heinrich Joh. Meyeri Haeredes,  |c 1691 
300 |a [10], 1200, [69] s. ;  |c 2° 
510 3 |a HBZ (NRW-Verbundkatalog) 
546 |a Text řecko-latinský 
655 7 |a staré tisky  |7 fd422076  |2 czenas 
700 1 |a Hrubý z Jelení, Zikmund,  |d 1497-1554  |7 jk01042995  |4 oth 
700 1 |a Turnèbe, Adrien,  |d 1512-1565  |7 mzk2008486697  |4 oth 
700 1 |a Hoeschel, David,  |d 1556-1617  |7 mzk2009532493  |4 oth 
903 |a RP 
910 |a BOE452  |b Mn 
978 |b Schrey, Jeremias I.  |a Frankfurt a.d.O.  |c 1691 
978 |b Meyer, Heinrich Johann - dědicové  |a Frankfurt a.d.O  |c 1691 
984 |a Frankfurt nad Odrou  |b Německo 
985 |a 1651-1700 
990 |a BK 
991 |k minorite